[Event "Torquay Walker Minor op"]
[Site "Torquay"]
[Date "2019.09.06"]
[Round "6"]
[White "Taylor, Geoffrey P"]
[Black "Brooke, John1111"]
[Result "0-1"]
[WhiteElo "1867"]
[BlackElo "1622"]
[PlyCount "68"]
[EventDate "2019.09.01"]
[EventType "swiss"]
[EventRounds "7"]
[EventCountry "ENG"]
[SourceTitle "CBM 192 Extra"]
[Source "Chessbase"]
[SourceDate "2019.11.06"]
[SourceVersion "1"]
[SourceVersionDate "2019.11.06"]
[SourceQuality "1"]

1. e4 d6 2. d4 Nf6 3. Nc3 g6 4. f4 Bg7 5. Nf3 0-0 6. Bd3 c6 7. 0-0 b5 8. e5 Nh5 9. h3 Bh6 10. Nh2 Ng3 11. Rf2 b4 12. Na4 a5 13. c3 dxe5 14. fxe5 Bxc1 15. Rxc1 Ba6 16. Rd2 Bxd3 17. Rxd3 Nf5 18. Rd2 Ng3 19. Rf2 Ne4 20. Re2 Ng3 21. Re3 Nf5 22. Re1 e6 23. Ng4 Kg7 24. Nc5 Qd5 25. Rf1 Nd7 26. Nxd7 Qxd7 27. Qd2 bxc3 28. bxc3 h5 29. Nf6 Qe7 30. Rxf5 exf5 31. Qg5 Rh8 32. Rb1 Rhb8 33. Rxb8 Rxb8 34. Nxh5+ Kf8 0-1

[Event "BCF-chT3 1314 (4NCL)"]
[Site "England"]
[Date "2014.05.04"]
[Round "10.23"]
[White "Taylor, Geoffrey P"]
[Black "Mirza, Gabriel"]
[Result "1/2-1/2"]
[WhiteElo "1876"]
[BlackElo "1747"]
[PlyCount "87"]
[EventDate "2013.11.16"]
[EventType "team-swiss"]
[EventRounds "11"]
[EventCountry "ENG"]
[SourceTitle "EXT 2015"]
[Source "ChessBase"]
[SourceDate "2014.11.20"]
[SourceVersion "1"]
[SourceVersionDate "2014.11.20"]
[SourceQuality "1"]
[WhiteTeam "Gloucestershire Gambits"]
[BlackTeam "Midland Monarchs"]
[WhiteTeamCountry "ENG"]
[BlackTeamCountry "ENG"]

1. e4 Nc6 2. Nf3 d6 3. d4 Nf6 4. Nc3 Bg4 5. Be2 e5 6. d5 Nb8 7. 0-0 Be7 8. Nd2 Qc8 9. f3 Bh5 10. Nc4 h6 11. Be3 g5 12. Bf2 Bg6 13. g4 Nfd7 14. Ne3 Na6 15. Nf5 Bxf5 16. exf5 c5 17. Ne4 Nc7 18. a4 b6 19. c4 a5 20. Qd3 Kf8 21. Qc3 Qd8 22. Bg3 Kg8 23. Rad1 Ne8 24. Kh1 Ra7 25. Qd2 Bf6 26. Nc3 Rb7 27. Nb5 Kg7 28. Nc3 Qe7 29. Ne4 Rh7 30. Bd3 Rb8 31. Bc2 Rh8 32. Bf2 Rb7 33. Ng3 Kf8 34. Kg1 Ng7 35. Qe1 Qd8 36. Ne4 Ne8 37. Be3 Kg7 38. Qd2 Kf8 39. Kg2 Be7 40. Kh3 f6 41. Qd3 Kg7 42. Ng3 Nb8 43. Bd2 Kf7 44. Ne4 1/2-1/2

[Event "BCF-chT3 1314 (4NCL)"]
[Site "England"]
[Date "2014.05.03"]
[Round "9.248"]
[White "Taylor, Geoffrey P"]
[Black "Nezis, Anastasios"]
[Result "0-1"]
[WhiteElo "1876"]
[BlackElo "1928"]
[PlyCount "34"]
[EventDate "2013.11.16"]
[EventType "team-swiss"]
[EventRounds "11"]
[EventCountry "ENG"]
[SourceTitle "EXT 2015"]
[Source "ChessBase"]
[SourceDate "2014.11.20"]
[SourceVersion "1"]
[SourceVersionDate "2014.11.20"]
[SourceQuality "1"]
[WhiteTeam "Gloucestershire Gambits"]
[BlackTeam "Jorvik"]
[WhiteTeamCountry "ENG"]
[BlackTeamCountry "ENG"]

1. e4 c5 2. Nf3 d6 3. d4 cxd4 4. Nxd4 Nf6 5. Nc3 a6 6. Bg5 e6 7. f4 Be7 8. Qf3 Qc7 9. 0-0-0 Nbd7 10. Bd3 b5 11. a3 Rb8 12. Rhe1 h6 13. Qh3 b4 14. axb4 Rxb4 15. Be2 Nc5 16. Bf3 Rxd4 17. Rxd4 e5 0-1

[Event "BCF-chT3 1314 (4NCL)"]
[Site "England"]
[Date "2014.03.22"]
[Round "7.2"]
[White "Taylor, Geoffrey P"]
[Black "Clark, Robert G"]
[Result "0-1"]
[WhiteElo "1876"]
[BlackElo "1998"]
[PlyCount "96"]
[EventDate "2013.11.16"]
[EventType "team-swiss"]
[EventRounds "11"]
[EventCountry "ENG"]
[SourceTitle "EXT 2015"]
[Source "ChessBase"]
[SourceDate "2014.11.20"]
[SourceVersion "1"]
[SourceVersionDate "2014.11.20"]
[SourceQuality "1"]
[WhiteTeam "Gloucestershire Gambits"]
[BlackTeam "Holmes Chapel"]
[WhiteTeamCountry "ENG"]
[BlackTeamCountry "ENG"]

1. e4 e6 2. d4 d5 3. e5 c5 4. c3 Nc6 5. Nf3 Qb6 6. a3 c4 7. Nbd2 f6 8. Be2 fxe5 9. Nxe5 Nxe5 10. dxe5 Ne7 11. Nf3 Nc6 12. Qd2 Bc5 13. 0-0 0-0 14. Qg5 Bd7 15. Qg3 Rf5 16. Bd1 d4 17. cxd4 Nxd4 18. Nxd4 Bxd4 19. Bc2 Rxf2 20. Rxf2 Rf8 21. Bf4 Bxf2+ 22. Qxf2 Qxf2+ 23. Kxf2 Rxf4+ 24. Ke3 Rh4 25. h3 Bc6 26. Rg1 Bd5 27. Kf2 Rh5 28. Re1 Kf7 29. Re3 b6 30. g4 Rh4 31. Kg3 g5 32. Re2 h5 33. Rf2+ Kg7 34. Rf6 hxg4 35. Rg6+ Kf7 36. hxg4 Rh1 37. Rxg5 Rg1+ 38. Kf4 Rg2 39. Bg6+ Kf8 40. Rh5 Rxb2 41. Rh7 a5 42. Kg5 Rf2 43. Rc7 b5 44. Rc8+ Ke7 45. Rc5 b4 46. axb4 axb4 47. Rb5 b3 48. Rc5 Rf1 0-1

[Event "BCF-chT3S 1213 (4NCL)"]
[Site "England"]
[Date "2012.11.04"]
[Round "2.130"]
[White "Lunn, Timothy"]
[Black "Taylor, Geoffrey P"]
[Result "1-0"]
[WhiteElo "2059"]
[BlackElo "1899"]
[PlyCount "99"]
[EventDate "2012.11.03"]
[EventType "team-swiss"]
[EventRounds "6"]
[EventCountry "ENG"]
[SourceTitle "EXT 2014"]
[Source "ChessBase"]
[SourceDate "2013.11.20"]
[SourceVersion "1"]
[SourceVersionDate "2013.11.20"]
[SourceQuality "1"]
[WhiteTeam "Anglian Avengers II"]
[BlackTeam "Gloucestershire Gambits"]
[WhiteTeamCountry "ENG"]
[BlackTeamCountry "ENG"]

1. d4 d5 2. c4 e6 3. Nc3 Nf6 4. Nf3 c6 5. e3 Nbd7 6. Qc2 Be7 7. Bd3 0-0 8. 0-0 Re8 9. e4 dxe4 10. Nxe4 Nxe4 11. Bxe4 Nf8 12. Rd1 Qc7 13. b3 Rd8 14. Bb2 Bd7 15. Rac1 f5 16. Bd3 Be8 17. Re1 Bh5 18. Ne5 Rac8 19. c5 Bg5 20. Rb1 Kh8 21. b4 Bf4 22. Bc4 Qe7 23. Nd3 Bb8 24. Qb3 Bf7 25. Re2 f4 26. f3 b5 27. cxb6 axb6 28. Qc3 b5 29. Bb3 Qg5 30. Ne5 Be8 31. Rbe1 Ba7 32. Qd2 c5 33. bxc5 Bxc5 34. Re4 Qe7 35. Qxf4 Bb4 36. Rd1 Bc3 37. Bxc3 Rxc3 38. Qd2 Rdc8 39. Ree1 Qa3 40. Nd3 Qd6 41. Nc5 b4 42. Nxe6 Ng6 43. Nc5 Bd7 44. Re3 R8xc5 45. dxc5 Qxc5 46. Kf2 Be6 47. Qd4 Bxb3 48. Rxc3 Qxc3 49. Qxc3 bxc3 50. axb3 1-0

[Event "Paignton op"]
[Site "Paignton"]
[Date "2012.09.05"]
[Round "4"]
[White "Taylor, Geoffrey P"]
[Black "Gregory, Keith D"]
[Result "0-1"]
[WhiteElo "1934"]
[BlackElo "2057"]
[PlyCount "79"]
[EventDate "2012.09.02"]
[EventType "swiss"]
[EventRounds "7"]
[EventCountry "ENG"]
[SourceTitle "CBM 150 Extra"]
[Source "ChessBase"]
[SourceDate "2012.10.19"]
[SourceVersion "1"]
[SourceVersionDate "2012.10.19"]
[SourceQuality "1"]

1. e4 d6 2. d4 Nf6 3. Nc3 Nbd7 4. Bc4 c6 5. Nf3 b5 6. Bd3 e5 7. 0-0 a6 8. a3 Be7 9. Ne2 Qc7 10. c3 Bb7 11. Ng3 h6 12. Bd2 c5 13. Rc1 c4 14. Bb1 Rc8 15. Qe2 Nh7 16. Nf5 Bf6 17. Be3 Ng5 18. Nd2 g6 19. Ng3 Ne6 20. Nf3 h5 21. Qd2 h4 22. Ne2 Rh5 23. h3 Qd8 24. Nh2 Ng5 25. Bxg5 Bxg5 26. f4 Bf6 27. Ng4 Bg7 28. Rcd1 Qe7 29. Rf3 exd4 30. cxd4 Kf8 31. Re3 Nf6 32. Nc3 Re8 33. Rf1 Qd7 34. Nxf6 Bxf6 35. e5 dxe5 36. fxe5 Rexe5 37. Rxe5 Bxe5 38. Bxg6 Qxd4+ 39. Qxd4 Bxd4+ 40. Kh1 0-1

[Event "Paignton op"]
[Site "Paignton"]
[Date "2012.09.04"]
[Round "3"]
[White "Mahoney, Nicholas"]
[Black "Taylor, Geoffrey P"]
[Result "1/2-1/2"]
[WhiteElo "1815"]
[BlackElo "1934"]
[PlyCount "83"]
[EventDate "2012.09.02"]
[EventType "swiss"]
[EventRounds "7"]
[EventCountry "ENG"]
[SourceTitle "CBM 150 Extra"]
[Source "ChessBase"]
[SourceDate "2012.10.19"]
[SourceVersion "1"]
[SourceVersionDate "2012.10.19"]
[SourceQuality "1"]

1. d4 d5 2. c4 e6 3. Nc3 Nf6 4. cxd5 exd5 5. Bg5 Be7 6. Qc2 0-0 7. e3 Nbd7 8. Bd3 Re8 9. Nf3 Nf8 10. h3 Be6 11. 0-0 Rc8 12. Qa4 a6 13. b4 c6 14. Qb3 Ne4 15. Bxe7 Qxe7 16. Qc2 Bf5 17. Rab1 Rcd8 18. Bxe4 dxe4 19. Ne1 Bg6 20. Na4 Nd7 21. Nc5 Nf6 22. a4 Nd5 23. Qb2 Bf5 24. b5 axb5 25. axb5 cxb5 26. Qxb5 Nc3 27. Qxb7 Nxb1 28. Qxb1 Qg5 29. Kh2 Rb8 30. Qa2 Qe7 31. g4 Qd6+ 32. Kg1 Be6 33. Nxe6 Rxe6 34. Ng2 g5 35. Ne1 Rh6 36. Kg2 Qb4 37. Qd5 Qe7 38. Nc2 Rd6 39. Qc4 Qd8 40. Qc5 Re6 41. Qf5 Rb2 42. d5 1/2-1/2

[Event "BCF-chT3 1112 (4NCL)"]
[Site "England"]
[Date "2012.04.01"]
[Round "8.45"]
[White "Taylor, Geoffrey P"]
[Black "Lunn, Timothy"]
[Result "0-1"]
[WhiteElo "1934"]
[BlackElo "2054"]
[PlyCount "86"]
[EventDate "2011.11.12"]
[EventType "team-swiss"]
[EventRounds "11"]
[EventCountry "ENG"]
[SourceTitle "EXT 2013"]
[Source "ChessBase"]
[SourceDate "2012.11.22"]
[SourceVersion "1"]
[SourceVersionDate "2012.11.22"]
[SourceQuality "1"]
[WhiteTeam "Gloucestershire Gambits"]
[BlackTeam "Anglian Avengers II"]
[WhiteTeamCountry "ENG"]
[BlackTeamCountry "ENG"]

1. e4 c5 2. Nf3 Nc6 3. d4 cxd4 4. Nxd4 Nf6 5. Nc3 e5 6. Ndb5 d6 7. Nd5 Nxd5 8. exd5 Nb8 9. c4 a6 10. Nc3 Be7 11. Be2 0-0 12. 0-0 f5 13. f4 Nd7 14. Kh1 Bf6 15. Be3 exf4 16. Bxf4 Be5 17. Qd2 Bxf4 18. Qxf4 Ne5 19. b4 Bd7 20. Qd4 Qf6 21. Ne4 Qh4 22. Rf4 Qh6 23. Nd2 g5 24. Rf2 Rae8 25. Raf1 Re7 26. c5 Rfe8 27. cxd6 Qxd6 28. Nc4 Nxc4 29. Bxc4 Re4 30. Qd3 b5 31. Bb3 Rh4 32. g3 Rxb4 33. Rc1 Rbe4 34. Rc6 Re1+ 35. Kg2 Qe5 36. d6+ Kh8 37. Rc7 Rd8 38. Rd2 Re4 39. Bd1 Be6 40. Bf3 Bc4 41. Qa3 Re3 42. d7 Rxa3 43. Rc8 Qf6 0-1

[Event "Paington op"]
[Site "Paignton"]
[Date "2011.09.06"]
[Round "3"]
[White "Webb, Matthew"]
[Black "Taylor, Geoffrey P"]
[Result "1-0"]
[WhiteElo "2079"]
[BlackElo "1932"]
[PlyCount "53"]
[EventDate "2011.09.04"]
[EventType "swiss"]
[EventRounds "7"]
[EventCountry "ENG"]
[SourceTitle "CBM 144 Extra"]
[Source "ChessBase"]
[SourceDate "2011.10.28"]
[SourceVersion "1"]
[SourceVersionDate "2011.10.28"]
[SourceQuality "1"]

1. e4 c5 2. a3 Nc6 3. b4 cxb4 4. axb4 Nxb4 5. d4 d5 6. c3 Nc6 7. exd5 Qxd5 8. Na3 e5 9. Nb5 Bd6 10. Bc4 Qe4+ 11. Ne2 Bb8 12. 0-0 Nge7 13. Ng3 Qg4 14. Qb3 0-0 15. d5 Nd8 16. f3 Qg6 17. Be2 Kh8 18. Rd1 Bd6 19. Nxd6 Qxd6 20. Ne4 Qg6 21. Bc4 Re8 22. Bb5 f5 23. Bxe8 Qxe8 24. Nd6 Qd7 25. Qb5 Ng6 26. Qxd7 Bxd7 27. Rxa7 1-0

[Event "Paignton Bruce Premier"]
[Site "Paignton"]
[Date "2010.09.10"]
[Round "6"]
[White "Taylor, Geoffrey P"]
[Black "Toms, David A"]
[Result "1-0"]
[WhiteElo "1957"]
[BlackElo "1908"]
[PlyCount "111"]
[EventDate "2010.09.05"]
[EventType "swiss"]
[EventRounds "7"]
[EventCountry "ENG"]
[SourceTitle "EXT 2023"]
[Source "ChessBase"]
[SourceDate "2022.10.05"]
[SourceVersion "1"]
[SourceVersionDate "2022.10.05"]
[SourceQuality "1"]

1. e4 d6 2. d4 Nf6 3. Nc3 g6 4. f4 Bg7 5. Nf3 0-0 6. Bd3 c5 7. dxc5 dxc5 8. 0-0 e6 9. Qe1 b6 10. e5 Nd5 11. Ne4 Ba6 12. Bxa6 Nxa6 13. Qe2 Nab4 14. Rd1 Qe7 15. c4 Nc7 16. a3 Nc6 17. Be3 Rfd8 18. Bf2 Ne8 19. Bh4 Rxd1+ 20. Rxd1 Qc7 21. Qf2 Ne7 22. Qd2 Nf5 23. Bf2 h5 24. Qd7 Nd4 25. Qxc7 Nxf3+ 26. gxf3 Nxc7 27. Rd7 Ne8 28. Bh4 Bh8 29. Kf2 a6 30. Rd8 Rxd8 31. Bxd8 f6 32. exf6 Kf7 33. Bxb6 Nxf6 34. Ng5+ Ke7 35. Bxc5+ Kd7 36. Nf7 Bg7 37. Ne5+ Kc7 38. b4 Nd7 39. Nxd7 Kxd7 40. Ke3 Bb2 41. b5 Kc7 42. a4 Kb7 43. Ke4 axb5 44. cxb5 Kc7 45. a5 Bc3 46. a6 Ba5 47. Ke5 Bd2 48. b6+ Kc6 49. b7 Ba5 50. b8Q Bc7+ 51. Qxc7+ Kxc7 52. Kxe6 Kc6 53. a7 Kb7 54. Kf6 h4 55. Kxg6 h3 56. f5 1-0

[Event "Paignton Bruce Premier"]
[Site "Paignton"]
[Date "2010.09.08"]
[Round "4"]
[White "Taylor, Geoffrey P"]
[Black "French, Angus"]
[Result "0-1"]
[WhiteElo "1957"]
[BlackElo "2129"]
[PlyCount "107"]
[EventDate "2010.09.05"]
[EventType "swiss"]
[EventRounds "7"]
[EventCountry "ENG"]
[SourceTitle "EXT 2023"]
[Source "ChessBase"]
[SourceDate "2022.10.05"]
[SourceVersion "1"]
[SourceVersionDate "2022.10.05"]
[SourceQuality "1"]

1. e4 Nf6 2. e5 Nd5 3. d4 d6 4. Nf3 Bg4 5. Be2 c6 6. c4 Nb6 7. exd6 exd6 8. 0-0 Be7 9. Re1 0-0 10. Qc2 N8d7 11. a4 a5 12. Bf4 Re8 13. Nbd2 Nf8 14. Rad1 Ne6 15. Be3 d5 16. b3 Bb4 17. Rf1 Bxd2 18. Rxd2 f5 19. Rdd1 Qf6 20. Ne5 Bxe2 21. Qxe2 f4 22. c5 Nc8 23. Bc1 Ne7 24. Rfe1 Nf5 25. Bb2 Re7 26. Nd7 Qh6 27. Ne5 Rae8 28. Qg4 Qf6 29. h3 g5 30. Nf3 h6 31. Re5 Nfxd4 32. Bxd4 Nxd4 33. Rxe7 Nxf3+ 34. Qxf3 Qxe7 35. Qh5 Kg7 36. Rf1 Qe2 37. Qg4 Qxg4 38. hxg4 Re2 39. Rb1 Re4 40. f3 Rb4 41. Kf2 Kf6 42. Ke2 Ke5 43. Kd3 d4 44. Kc2 Kd5 45. Rh1 Kxc5 46. Rxh6 d3+ 47. Kxd3 Rxb3+ 48. Kc2 Re3 49. Rg6 Re5 50. Rg7 b5 51. axb5 cxb5 52. Kc3 b4+ 53. Kb2 Kc4 54. Rc7+ 0-1

[Event "Paignton Bruce Premier"]
[Site "Paignton"]
[Date "2010.09.07"]
[Round "3"]
[White "Kemp, Paul R"]
[Black "Taylor, Geoffrey P"]
[Result "1-0"]
[WhiteElo "2106"]
[BlackElo "1957"]
[PlyCount "73"]
[EventDate "2010.09.05"]
[EventType "swiss"]
[EventRounds "7"]
[EventCountry "ENG"]
[SourceTitle "EXT 2023"]
[Source "ChessBase"]
[SourceDate "2022.10.05"]
[SourceVersion "1"]
[SourceVersionDate "2022.10.05"]
[SourceQuality "1"]

1. e4 c5 2. c3 d5 3. exd5 Qxd5 4. d4 Nc6 5. Nf3 Bg4 6. Be2 e6 7. 0-0 Nf6 8. h3 Bh5 9. Be3 cxd4 10. Nxd4 Bxe2 11. Qxe2 Nxd4 12. Bxd4 Be7 13. Rd1 Qc6 14. Nd2 0-0 15. Nf3 b6 16. a4 Rfc8 17. Ne5 Qb7 18. a5 Bc5 19. a6 Qc7 20. Ng4 Nxg4 21. Qxg4 Bf8 22. Be3 Qc6 23. Qa4 b5 24. Qa5 Bd6 25. Rd3 Bc7 26. Qa3 h6 27. Rad1 Qe4 28. Qe7 Qe5 29. Rd7 Qh2+ 30. Kf1 Qh1+ 31. Ke2 Qxg2 32. Rxc7 Re8 33. Qxf7+ Kh8 34. Rdd7 Rg8 35. Bxh6 Qe4+ 36. Kd2 Rad8 37. Bxg7+ 1-0

[Event "BCF-chT3 0910 (4NCL)"]
[Site "England"]
[Date "2010.05.02"]
[Round "10.4"]
[White "Taylor, Geoffrey P"]
[Black "Robinson, David"]
[Result "1/2-1/2"]
[WhiteElo "1962"]
[BlackElo "1967"]
[PlyCount "52"]
[EventDate "2009.10.24"]
[EventType "team-tourn"]
[EventRounds "11"]
[EventCountry "ENG"]
[SourceTitle "EXT 2011"]
[Source "ChessBase"]
[SourceDate "2010.11.26"]
[SourceVersion "1"]
[SourceVersionDate "2010.11.26"]
[SourceQuality "1"]
[WhiteTeam "Gloucestershire. Gambits"]
[BlackTeam "The Full Ponty"]
[WhiteTeamCountry "ENG"]
[BlackTeamCountry "ENG"]

1. e4 d5 2. exd5 Qxd5 3. Nc3 Qa5 4. d4 Nf6 5. Bc4 Bg4 6. f3 Bf5 7. Nge2 c6 8. Bd2 Qd8 9. Ng3 Bg6 10. Nce2 e6 11. c3 Bd6 12. Bg5 Qc7 13. Bd3 Nbd7 14. c4 Qa5+ 15. Bd2 Qc7 16. Qc2 Nh5 17. Nxh5 Bxh5 18. 0-0-0 Bg6 19. c5 Bxd3 20. Qxd3 Be7 21. Kb1 Nf6 22. Bf4 Qd7 23. Be5 0-0 24. Nc3 Nd5 25. Nxd5 Qxd5 26. Qe4 Qxe4+ 1/2-1/2

[Event "BCF-chT3 0910 (4NCL)"]
[Site "England"]
[Date "2010.02.20"]
[Round "5.4"]
[White "Taylor, Geoffrey P"]
[Black "Langham, Rod E"]
[Result "1-0"]
[WhiteElo "1962"]
[BlackElo "1786"]
[PlyCount "56"]
[EventDate "2009.10.24"]
[EventType "team-tourn"]
[EventRounds "11"]
[EventCountry "ENG"]
[SourceTitle "EXT 2011"]
[Source "ChessBase"]
[SourceDate "2010.11.26"]
[SourceVersion "1"]
[SourceVersionDate "2010.11.26"]
[SourceQuality "1"]
[WhiteTeam "Gloucestershire. Gambits"]
[BlackTeam "Oxford III"]
[WhiteTeamCountry "ENG"]
[BlackTeamCountry "ENG"]

1. e4 e6 2. d4 d5 3. e5 c5 4. c3 Bd7 5. Nf3 Nc6 6. a3 Qb6 7. Be2 Rc8 8. 0-0 Be7 9. b4 cxb4 10. cxb4 a6 11. Be3 Nh6 12. Bxh6 gxh6 13. Qd2 Bg5 14. Qd3 Ne7 15. Nc3 Ng6 16. g3 Rg8 17. Kh1 Qd8 18. Nd2 Bxd2 19. Qxd2 Qg5 20. f4 Qd8 21. f5 Ne7 22. f6 Ng6 23. Rac1 Qb6 24. Na4 Qd8 25. Nc5 Bc6 26. Nxe6 Qb6 27. Nc5 Bd7 28. Nxd7 Kxd7 1-0

[Event "BCF-chT3 0910 (4NCL)"]
[Site "England"]
[Date "2010.01.16"]
[Round "3.3"]
[White "Taylor, Geoffrey P"]
[Black "Morris, Gareth"]
[Result "0-1"]
[WhiteElo "1962"]
[BlackElo "2147"]
[PlyCount "80"]
[EventDate "2009.10.24"]
[EventType "team-tourn"]
[EventRounds "11"]
[EventCountry "ENG"]
[SourceTitle "EXT 2011"]
[Source "ChessBase"]
[SourceDate "2010.11.26"]
[SourceVersion "1"]
[SourceVersionDate "2010.11.26"]
[SourceQuality "1"]
[WhiteTeam "Gloucestershire. Gambits"]
[BlackTeam "Rhyfelwyr Essyllwg"]
[WhiteTeamCountry "ENG"]
[BlackTeamCountry "ENG"]

1. e4 c5 2. Nf3 Nc6 3. d4 cxd4 4. Nxd4 e5 5. Nb5 d6 6. c4 Be7 7. N1c3 a6 8. Na3 Be6 9. Be2 Bg5 10. Nc2 Bxc1 11. Rxc1 Nf6 12. 0-0 0-0 13. Ne3 Ne7 14. b3 Ne8 15. Qd3 f5 16. Rfd1 f4 17. Ned5 Nc6 18. f3 Nd4 19. Bf1 Qh4 20. Rd2 Rc8 21. Ne2 Nxe2+ 22. Qxe2 Bxd5 23. Rxd5 Qe7 24. Qd2 Rf6 25. b4 b6 26. c5 bxc5 27. Bxa6 Ra8 28. Bc4 Kf8 29. b5 Qc7 30. Rxe5 dxe5 31. Qd5 Rd8 32. Qg8+ Ke7 33. Qxh7 Qb6 34. a4 Rd4 35. h3 Rxc4 36. Rxc4 Kf8 37. a5 Qxa5 38. Qh8+ Ke7 39. Rxc5 Qb6 40. Kh2 Qxc5 0-1

[Event "BCF-chT3 0910 (4NCL)"]
[Site "England"]
[Date "2009.10.24"]
[Round "1.5"]
[White "O'Connor, Jonathan"]
[Black "Taylor, Geoffrey P"]
[Result "0-1"]
[WhiteElo "1675"]
[BlackElo "1962"]
[PlyCount "83"]
[EventDate "2009.10.24"]
[EventType "team-tourn"]
[EventRounds "11"]
[EventCountry "ENG"]
[SourceTitle "EXT 2011"]
[Source "ChessBase"]
[SourceDate "2010.11.26"]
[SourceVersion "1"]
[SourceVersionDate "2010.11.26"]
[SourceQuality "1"]
[WhiteTeam "Guernsey Mates"]
[BlackTeam "Gloucestershire. Gambits"]
[WhiteTeamCountry "ENG"]
[BlackTeamCountry "ENG"]

1. e4 c5 2. d4 cxd4 3. c3 d3 4. Bxd3 Nc6 5. Nf3 d6 6. 0-0 Nf6 7. Qc2 Bd7 8. Bf4 e5 9. Bg3 Be7 10. Nbd2 Qc7 11. Rad1 0-0 12. h3 Rac8 13. Rfe1 Nb4 14. Qb1 Nxd3 15. Qxd3 Be6 16. Re3 Nh5 17. Bh2 g6 18. Qe2 a6 19. b3 b5 20. Nf1 Qa5 21. Qb2 Rc6 22. g4 Ng7 23. Ng3 Rfc8 24. Ne2 h5 25. Kg2 hxg4 26. hxg4 Bxg4 27. Rh1 Nh5 28. Qd2 Kg7 29. Bxe5+ dxe5 30. Nxe5 Bxe2 31. Nxc6 Rxc6 32. Rxe2 Qxc3 33. Rd1 Qf6 34. Re3 Nf4+ 35. Kf1 Qh4 36. Rg3 Qh1+ 37. Rg1 Qh3+ 38. Ke1 Ng2+ 39. Ke2 Rd6 40. Qb2+ Bf6 41. Qc2 Nf4+ 42. Ke1 0-1

[Event "GBR-ch 96th"]
[Site "Torquay"]
[Date "2009.08.06"]
[Round "10"]
[White "Taylor, Geoffrey P"]
[Black "Dines, Sheila"]
[Result "1/2-1/2"]
[WhiteElo "2003"]
[BlackElo "1936"]
[PlyCount "50"]
[EventDate "2009.07.27"]
[EventType "swiss"]
[EventRounds "11"]
[EventCountry "ENG"]
[SourceTitle "CBM 131 Extra"]
[Source "ChessBase"]
[SourceDate "2009.09.03"]
[SourceVersion "2"]
[SourceVersionDate "2009.09.16"]
[SourceQuality "1"]

1. e4 e5 2. Bc4 Bc5 3. Nf3 d6 4. c3 Nf6 5. d3 h6 6. 0-0 0-0 7. Nbd2 Nc6 8. h3 Kh8 9. b4 Bb6 10. Bb3 a6 11. Nc4 Ba7 12. Ne3 Nh7 13. Bc2 Bxe3 14. fxe3 Ng5 15. Kh2 Bd7 16. d4 Qe7 17. Qe2 Rae8 18. Bd2 exd4 19. Nxg5 dxc3 20. Nxf7+ Rxf7 21. Rxf7 Qxf7 22. Bxc3 Rf8 23. Kg1 Qe7 24. Rf1 Rxf1+ 25. Qxf1 Ne5 1/2-1/2

[Event "GBR-ch 96th"]
[Site "Torquay"]
[Date "2009.08.05"]
[Round "9"]
[White "Taylor, Geoffrey P"]
[Black "Smith, Graham M"]
[Result "1/2-1/2"]
[WhiteElo "2003"]
[BlackElo "2119"]
[PlyCount "46"]
[EventDate "2009.07.27"]
[EventType "swiss"]
[EventRounds "11"]
[EventCountry "ENG"]
[SourceTitle "CBM 131 Extra"]
[Source "ChessBase"]
[SourceDate "2009.09.03"]
[SourceVersion "2"]
[SourceVersionDate "2009.09.16"]
[SourceQuality "1"]

1. e4 c5 2. Nf3 e6 3. d4 cxd4 4. Nxd4 Nc6 5. Nc3 Qc7 6. Be3 a6 7. a4 Nf6 8. Be2 Bb4 9. 0-0 Bxc3 10. bxc3 Nxe4 11. Bd3 Nf6 12. Qd2 Nd5 13. Bg5 h6 14. Bh4 Qf4 15. Qxf4 Nxf4 16. Bg3 Nd5 17. Nxc6 dxc6 18. c4 Nb4 19. a5 Ke7 20. Bc7 Bd7 21. c5 Nxd3 22. cxd3 Rae8 23. d4 f6 1/2-1/2

[Event "GBR-ch 96th"]
[Site "Torquay"]
[Date "2009.08.01"]
[Round "6"]
[White "Taylor, Geoffrey P"]
[Black "Mueller, Jan"]
[Result "0-1"]
[WhiteElo "2003"]
[BlackElo "2149"]
[PlyCount "70"]
[EventDate "2009.07.27"]
[EventType "swiss"]
[EventRounds "11"]
[EventCountry "ENG"]
[SourceTitle "CBM 131 Extra"]
[Source "ChessBase"]
[SourceDate "2009.09.03"]
[SourceVersion "2"]
[SourceVersionDate "2009.09.16"]
[SourceQuality "1"]

1. e4 c5 2. Nf3 d6 3. d4 cxd4 4. Nxd4 Nf6 5. Nc3 g6 6. Be3 Bg7 7. f3 0-0 8. Qd2 Nc6 9. Bc4 Bd7 10. 0-0-0 Rb8 11. Bb3 Na5 12. Bh6 b5 13. Bxg7 Kxg7 14. h4 h5 15. Nd5 Nc4 16. Qe2 e5 17. Nxf6 Qxf6 18. Nxb5 Nxb2 19. Kxb2 Bxb5 20. Qd2 Rb6 21. Ka1 Rc8 22. Qe3 Bc4 23. Rd2 Qe6 24. Rg1 Rbc6 25. Kb1 a5 26. Bxc4 Qxc4 27. Ka1 Rb8 28. Qa3 Qb5 29. Rgd1 Rcb6 30. Qb3 Qc5 31. Qd3 a4 32. c3 Qa3 33. Qc4 Rb5 34. Rc2 Rb2 35. f4 Rxc2 0-1

[Event "GBR-ch 96th"]
[Site "Torquay"]
[Date "2009.07.27"]
[Round "1"]
[White "Taylor, Geoffrey P"]
[Black "Yeo, Michael J"]
[Result "0-1"]
[WhiteElo "2003"]
[BlackElo "2136"]
[PlyCount "75"]
[EventDate "2009.07.27"]
[EventType "swiss"]
[EventRounds "11"]
[EventCountry "ENG"]
[SourceTitle "CBM 131 Extra"]
[Source "ChessBase"]
[SourceDate "2009.09.03"]
[SourceVersion "2"]
[SourceVersionDate "2009.09.16"]
[SourceQuality "1"]

1. e4 Nf6 2. e5 Nd5 3. d4 d6 4. c4 Nb6 5. exd6 exd6 6. Nf3 Bg4 7. Be3 Be7 8. Nc3 0-0 9. a4 a5 10. b3 Bf6 11. Rc1 Nc6 12. Be2 d5 13. c5 Nc8 14. h3 Be6 15. Nb5 N8e7 16. Bf4 Rc8 17. 0-0 h6 18. Bd3 g5 19. Be5 Bxe5 20. Nxe5 Nxe5 21. dxe5 Ng6 22. Re1 Nf4 23. Bb1 Kg7 24. Nd4 c6 25. Qc2 Rh8 26. Nf5+ Bxf5 27. Qxf5 Qe7 28. g3 Ne6 29. Qc2 Rcd8 30. Qc3 d4 31. Qxa5 Rd5 32. f4 gxf4 33. gxf4 Nxf4 34. Kh2 Rxe5 35. Rg1+ Rg5 36. Rce1 Ne2 37. Rxg5+ hxg5 38. Bf5 0-1